000 00943nam a2200241 a 4500
001 000018743
005 20260218080533.0
008 100514s1969 ve 000 0 spa d
040 _aDO-SdBNP
_bspa
_cBNPHU
082 _a142.7
_bA769m
100 1 _aAron, Raymond,
_940447
240 1 0 _aD´une sainte famille à l´autre. Essais sur les marxismes imaginaires.
_lEspañol.
245 1 4 _aLos marxismos imaginarios :
_bDe Sartre a Althusser /
_cRaymond Aron ; traducción de Martín Sagrera.
260 _aVenezuela :
_bMonte Ávila,
_c1969.
300 _a172 p. ;
_c20 cm.
534 _pTítulo del original francés:
_tD´une sainte famille à l´autre. Essais sur les marxismes imaginaires.
504 _aIncluye referencias bibliográficas y notas al pie de las páginas.
650 4 _aFenomenología
_911303
650 0 _aMarxismo
_95234
700 1 _aSagrera, Martín,
_etr.
_920801
910 _aCatalogación original
049 _aBNGR
999 _c18263
_d18263